ՀՀ Գիտությունների ազգային ակադեմիայի հիմնարար գիտական գրադարան  =   Fundamental Scientific Library of NAS RA

Экономическая оценка сельскохозяйственных угодий Ростовской области / (Record no. 121962)

MARC details
000 -LEADER
fixed length control field 01374nam a2200265 u 4500
001 - CONTROL NUMBER
control field 000326727
003 - CONTROL NUMBER IDENTIFIER
control field AM-YeHGA
005 - DATE AND TIME OF LATEST TRANSACTION
control field 20260311123018.0
008 - FIXED-LENGTH DATA ELEMENTS--GENERAL INFORMATION
fixed length control field 040413s1991 ru r 000 0 rus|d
020 ## - INTERNATIONAL STANDARD BOOK NUMBER
Canceled/invalid ISBN 5-7507-0257
040 ## - CATALOGING SOURCE
Original cataloging agency AM-YeHGA
041 0# - LANGUAGE CODE
Language code of text/sound track or separate title rus
245 00 - TITLE STATEMENT
Title Экономическая оценка сельскохозяйственных угодий Ростовской области /
Statement of responsibility, etc. А.С. Чешев и др.; Под. ред. А.С. Чешева, Е.М. Цвылева; Рост. обл. агропром. ком., Юж. гос проект. ин-т по землеустройству Южгипрозем.
260 ## - PUBLICATION, DISTRIBUTION, ETC.
Place of publication, distribution, etc. Ростов-на-Дону
Name of publisher, distributor, etc. Изд-во Рост. ун-та,
Date of publication, distribution, etc. 1991.
300 ## - PHYSICAL DESCRIPTION
Extent 240 с. :
Other physical details ил.
500 ## - GENERAL NOTE
General note Авт. указаны на обороте тит. л.
504 ## - BIBLIOGRAPHY, ETC. NOTE
Bibliography, etc. note Библиогр.: с. 238-240
653 0# - INDEX TERM--UNCONTROLLED
Uncontrolled term Сельскохозяйственые угодья - Рост. обл.
653 0# - INDEX TERM--UNCONTROLLED
Uncontrolled term Земли - Оценка
700 1# - ADDED ENTRY--PERSONAL NAME
Personal name Чешев, А.С.
Relator term ред.
Relationship edt
700 1# - ADDED ENTRY--PERSONAL NAME
Personal name Цвылев, Е.М.
Relator term ред.
Relationship edt
710 2# - ADDED ENTRY--CORPORATE NAME
Corporate name or jurisdiction name as entry element Ростовский областной агропромышленный комитет
710 2# - ADDED ENTRY--CORPORATE NAME
Corporate name or jurisdiction name as entry element Южный государственный проектный институт по землеустройству Южгипрозем
942 ## - ADDED ENTRY ELEMENTS (KOHA)
Source of classification or shelving scheme Universal Decimal Classification
Koha item type Գրքեր / Books
Holdings
Withdrawn status Lost status Damaged status Not for loan Collection Home library Current library Date acquired Total checkouts Full call number Barcode Date last seen Uniform resource identifier Price effective from Koha item type Public note
        General Fundamental Scientific Library Fundamental Scientific Library 22/12/2016   РII/632508 FL0704932 22/12/2016 631.111.3(470.61) 22/12/2016 Գրքեր / Books 30 Days Loan


ՀՀ ԳԱԱ հիմնարար գիտական գրադարան
ՀՀ,Երևան 0019
Մարշալ Բաղրամյան 24/6
հեռախոս:(374-10) 52-47-50
Հետադարձ կապ

All site content, except where otherwise noted, is licensed under a
Creative Commons License